01465cam a2200313 a 4500003000700000005001700007008004100024020004300065040004300108050001500151100002800166245012600194250008600320260004600406300004900452336002800501337003000529338002700559504005100586650003100637700003500668700003500703700002800738942001300766999001700779952011100796952011100907952013301018CBULib20250626134904.0111223s2013 moua b 001 0 eng  a9780323083331 (hardcover : alk. paper) aDNLM/DLCcCBULibdCBULibbEnglisherda00aRK 501 Hey 94648aHeyman, Harald O.00aSturdevant's art and science of operative dentistry.c/ edited by Harald O. Heyman; Edward J. Swift, Jr.; Andre V, Ritter a6th editionb[edited by] Harald O. Heymann, Edward J. Swift Jr., Andre V. Ritter. aSt. Louis, Mo. :bElsevier/Mosby,cc2013. axv, 548 pages :billustration (some color) ; 2rdacontentaText |btxt 2rdamediaaUnmediated |bn 2rdacarrieraVolumebnc aIncludes bibliographical references and index.10aDENTISTRY, OPERATIVE94649 aSwift, Edward J.94650eeditor aRitter, Andre V.94651eeditor1 aSturdevant, Clifford M. 2lccc002 c85050d85050 00102lcc40708SOMa002b002d2024-06-24l1oRK 501 Heyp904996r2024-07-08s2024-06-24w2024-06-24y002 00102lcc40708SOMa002b002d2024-07-22l2oRK 501 Heyp904997r2025-10-30s2025-06-23w2024-07-22y002 00102lcc40708SOMa001b001cGENd2025-06-26eBook Aid Internationali904994oRK 501 Heyp934178r2025-06-26w2025-06-26y002